| 000 | 00849nam a2200241 4500 | ||
|---|---|---|---|
| 999 |
_c7884 _d7884 |
||
| 003 | AR-CdUCM | ||
| 008 | 190321b ||||| |||| 00| 0 spa d | ||
| 040 |
_aMUNICIPALIDAD PROVINCIAL DEL CUSCO _cBIBLIOTECA MUNICIPAL DEL CUSCO |
||
| 082 |
_22ed. _a580.711 / _bM12 |
||
| 100 |
_aMcelroy, William D. _922292 |
||
| 245 | _aFisiologia y Bioquimica de la Celula / | ||
| 260 |
_aMexico : _bUnion Tipografica Editorial Hispano Americana, _c1967. |
||
| 300 |
_aXII, 197 paginas ; _bIlustraciones, graficos _c17 cm. |
||
| 440 |
_aManuales Uteha _n245 _922293 |
||
| 505 | _aContenido: Celula -- contenido celular -- energia metabolica -- Glucolisis.. | ||
| 650 |
_aCelula _920195 |
||
| 650 |
_aQuimica _94512 |
||
| 650 |
_aMetabolica _922294 |
||
| 650 |
_aEnergia _915841 |
||
| 700 |
_aColon Manrique, Julio _919845 |
||
| 942 |
_2ddc _cLIBROS |
||
| 945 | _apjha | ||